[Event "Canarias-ch Seniors"]
[Site "Brena Baja"]
[Date "2022.06.04"]
[Round "6"]
[White "Haertl, Siegfried"]
[Black "Perez Aleman, Pedro Tomas"]
[Result "1/2-1/2"]
[WhiteElo "1932"]
[BlackElo "2047"]
[PlyCount "101"]
[EventDate "2022.06.01"]
[EventType "swiss"]
[EventRounds "6"]
[EventCountry "ESP"]
[SourceTitle "CBM 208 Extra"]
[Source "ChessBase"]
[SourceDate "2022.07.31"]
[SourceVersion "1"]
[SourceVersionDate "2022.07.31"]
[SourceQuality "1"]

1. d4 d5 2. Nf3 e6 3. c4 c6 4. Nc3 f5 5. Bf4 Nf6 6. e3 Be7 7. Bd3 0-0 8. 0-0 Ne4 9. Nd2 g5 10. Bxb8 Rxb8 11. f3 Nf6 12. c5 g4 13. Qe2 Kh8 14. Kh1 Rg8 15. Qf2 b6 16. b4 bxc5 17. bxc5 Qa5 18. Nd1 Ba6 19. Qe2 Bxd3 20. Qxd3 Qb5 21. Qxb5 Rxb5 22. Nb3 Bd8 23. Nc3 Rb7 24. Ne2 Bc7 25. Rac1 Rg6 26. Nf4 Bxf4 27. exf4 gxf3 28. Rxf3 Ne4 29. Rc2 a5 30. h3 h5 31. Nxa5 Rb1+ 32. Kh2 h4 33. Rb3 Rf1 34. Rcb2 Ng3 35. Rb1 Rf2 36. Rb8+ Kh7 37. R1b7+ Rg7 38. Rxg7+ Kxg7 39. Rb1 Rxa2 40. Nxc6 Rc2 41. Rb7+ Kh6 42. Rb8 Kg7 43. Rb7+ Kh6 44. Rb8 Kg7 45. Rb1 Ne2 46. Ne5 Nxf4 47. c6 Rxg2+ 48. Kh1 Rc2 49. Rb7+ Kh6 50. Re7 Nxh3 51. Rxe6+ 1/2-1/2

[Event "Isla de la Palma Semana Santa op 3rd"]
[Site "Isla de la Palma"]
[Date "2018.03.24"]
[Round "1"]
[White "Haertl, Siegfried"]
[Black "Francisco Sicilia, Hugo"]
[Result "1-0"]
[WhiteElo "1920"]
[BlackElo "1192"]
[PlyCount "61"]
[EventDate "2018.03.24"]
[EventType "swiss"]
[EventRounds "7"]
[EventCountry "ESP"]
[SourceTitle "CBM 183 Extra"]
[Source "ChessBase"]
[SourceDate "2018.04.19"]
[SourceVersion "1"]
[SourceVersionDate "2018.04.19"]
[SourceQuality "1"]

1. d4 d5 2. Nf3 Nf6 3. Bf4 Bf5 4. e3 e6 5. c4 c6 6. Nc3 Nbd7 7. Be2 Be7 8. 0-0 0-0 9. Nh4 Nh5 10. Nxf5 Nxf4 11. Nxe7+ Qxe7 12. exf4 Rfe8 13. c5 Qf6 14. g3 g6 15. Re1 Qf5 16. Bg4 Qf6 17. Qd3 Re7 18. b4 Rae8 19. h4 h5 20. Bh3 Qg7 21. a4 f6 22. Re3 e5 23. Bxd7 Rxd7 24. fxe5 fxe5 25. Rxe5 Rxe5 26. dxe5 Qxe5 27. Rd1 d4 28. Ne4 Re7 29. Ng5 b6 30. Qxd4 bxc5 31. Qxc5 1-0

[Event "AUT-ch"]
[Site "Feldkirch"]
[Date "2013.07.25"]
[Round "6"]
[White "Forster, Reinhard"]
[Black "Haertl, Siegfried"]
[Result "1-0"]
[WhiteElo "2077"]
[BlackElo "2102"]
[PlyCount "106"]
[EventDate "2013.07.20"]
[EventType "swiss"]
[EventRounds "9"]
[EventCountry "AUT"]
[SourceTitle "CBM 155 Extra"]
[Source "ChessBase"]
[SourceDate "2013.08.26"]
[SourceVersion "1"]
[SourceVersionDate "2013.08.26"]
[SourceQuality "1"]

1. e4 c6 2. d4 d5 3. e5 Bf5 4. Nc3 e6 5. g4 Bg6 6. Nge2 h6 7. Nf4 Bh7 8. Bd3 Bxd3 9. Nxd3 Nd7 10. Be3 Ne7 11. f4 Qc7 12. Qf3 g6 13. h3 h5 14. 0-0-0 0-0-0 15. Kb1 Kb8 16. Rhf1 b6 17. Rd2 Bg7 18. Re2 Rh7 19. Rg2 Rdh8 20. Ne2 hxg4 21. hxg4 Rh3 22. Ng3 c5 23. c3 c4 24. Nb4 Kb7 25. Qe2 a5 26. Nc2 f6 27. f5 exf5 28. exf6 Nxf6 29. Bf4 Qd7 30. Be5 R8h7 31. gxf5 gxf5 32. Ne3 Ne4 33. Nxe4 Bxe5 34. Ng5 f4 35. Nxh3 Rxh3 36. Qg4 Qxg4 37. Nxg4 Bd6 38. Ne5 Bxe5 39. dxe5 Re3 40. Rxf4 Rxe5 41. Rf6 Kc7 42. a4 Re4 43. Rg7 Re5 44. Kc2 Re2+ 45. Kc1 Re5 46. Rh7 Re2 47. Rhh6 Nc8 48. Re6 Rxe6 49. Rxe6 Nd6 50. Kd2 Kc6 51. Ke3 Kc5 52. Rg6 Ne4 53. Rg7 Nd6 1-0

[Event "Oberwart op"]
[Site "Oberwart"]
[Date "2011.07.12"]
[Round "4"]
[White "Haertl, Siegfried"]
[Black "Wiedermann, Daniel"]
[Result "1-0"]
[WhiteElo "2078"]
[BlackElo "2209"]
[PlyCount "65"]
[EventDate "2011.07.09"]
[EventType "swiss"]
[EventRounds "9"]
[EventCountry "AUT"]
[SourceTitle "CBM 143 Extra"]
[Source "ChessBase"]
[SourceDate "2011.08.29"]
[SourceVersion "1"]
[SourceVersionDate "2011.08.29"]
[SourceQuality "1"]

1. d4 Nf6 2. Nf3 g6 3. Bf4 Bg7 4. Nc3 d5 5. h3 a6 6. Ne5 c6 7. Qd2 h6 8. f3 Nbd7 9. g4 Nf8 10. Bg2 Ne6 11. Bg3 Nd7 12. f4 Nxe5 13. fxe5 Qb6 14. 0-0-0 h5 15. Kb1 hxg4 16. hxg4 Rxh1 17. Bxh1 Nc7 18. Bf3 Nb5 19. Na4 Qd8 20. Rh1 Be6 21. Rh7 Kf8 22. Nc5 Qc8 23. e3 Bxg4 24. Qh2 Kg8 25. e6 Bxe6 26. Be5 f6 27. Bf4 g5 28. Bxg5 fxg5 29. Rxg7+ Kxg7 30. Qe5+ Kh6 31. Nxe6 Qg8 32. Qh2+ Kg6 33. Bh5+ 1-0

[Event "Liechtenstein op Seniors 11th"]
[Site "Triesen"]
[Date "2011.06.03"]
[Round "8"]
[White "Bhend, Edwin"]
[Black "Haertl, Siegfried"]
[Result "1-0"]
[WhiteElo "2257"]
[BlackElo "2064"]
[PlyCount "99"]
[EventDate "2011.05.27"]
[EventType "swiss"]
[EventRounds "9"]
[EventCountry "LIE"]
[SourceTitle "EXT 2012"]
[Source "ChessBase"]
[SourceDate "2011.11.24"]
[SourceVersion "1"]
[SourceVersionDate "2011.11.24"]
[SourceQuality "1"]

1. e4 c6 2. Nc3 d5 3. Nf3 dxe4 4. Nxe4 Nf6 5. Ng3 e6 6. d4 Nbd7 7. Be2 Bd6 8. c3 b6 9. a4 Qc7 10. Nd2 c5 11. Bf3 Rb8 12. Nc4 Be7 13. dxc5 Bxc5 14. Be3 0-0 15. Bxc5 Nxc5 16. 0-0 Rd8 17. Qc2 Ba6 18. Be2 Bb7 19. a5 b5 20. Ne3 Nce4 21. Bd3 Nxg3 22. hxg3 Qc6 23. Rfe1 h6 24. Bf1 a6 25. c4 Rbc8 26. Rec1 bxc4 27. Qxc4 Qd6 28. Qb3 Be4 29. Rd1 Qc6 30. Rxd8+ Rxd8 31. Qc3 Qb7 32. Rc1 Rb8 33. Nc4 Qd5 34. Nb6 Qh5 35. f3 Ba8 36. Bxa6 Nd5 37. Nxd5 Bxd5 38. Bd3 f5 39. Bf1 Rb3 40. Qe5 Qg5 41. Rc3 Rb4 42. a6 Ra4 43. a7 Kh7 44. Ra3 Rxa3 45. bxa3 Qd8 46. Qd4 Qa5 47. Qe3 g5 48. g4 f4 49. Qd4 Qxa3 50. Bd3+ 1-0

[Event "Liechtenstein op Seniors 11th"]
[Site "Triesen"]
[Date "2011.06.02"]
[Round "7"]
[White "Peterlunger, Erich"]
[Black "Haertl, Siegfried"]
[Result "0-1"]
[WhiteElo "1983"]
[BlackElo "2064"]
[PlyCount "80"]
[EventDate "2011.05.27"]
[EventType "swiss"]
[EventRounds "9"]
[EventCountry "LIE"]
[SourceTitle "EXT 2012"]
[Source "ChessBase"]
[SourceDate "2011.11.24"]
[SourceVersion "1"]
[SourceVersionDate "2011.11.24"]
[SourceQuality "1"]

1. d4 d5 2. c4 e6 3. Nf3 Nf6 4. Bg5 h6 5. Bh4 Bb4+ 6. Nc3 c5 7. e3 Qa5 8. Qb3 Ne4 9. Rc1 Nc6 10. Be2 cxd4 11. Nxd4 0-0 12. 0-0 Nd2 13. Qc2 Nxf1 14. Kxf1 Bxc3 15. bxc3 dxc4 16. Bxc4 Ne5 17. Be2 Bd7 18. Bg3 Nc6 19. Nb5 e5 20. Bc4 a6 21. Nd6 Nd8 22. Qe4 Be6 23. Bxe5 Bxc4+ 24. Nxc4 Qb5 25. Kg1 Qc6 26. Qg4 Ne6 27. Nd6 Qd5 28. f4 f6 29. c4 Qd2 30. Qxe6+ Kh8 31. Bb2 Qxb2 32. Rf1 Qxa2 33. h3 b5 34. Rf3 bxc4 35. Rg3 Ra7 36. Nc8 Rc7 37. Ne7 Qb1+ 38. Kh2 Kh7 39. e4 Qb5 40. Qd6 Qd7 0-1

[Event "Liechtenstein op Seniors 11th"]
[Site "Triesen"]
[Date "2011.06.01"]
[Round "6"]
[White "Haertl, Siegfried"]
[Black "Peier, Hans"]
[Result "1/2-1/2"]
[WhiteElo "2064"]
[BlackElo "1996"]
[PlyCount "36"]
[EventDate "2011.05.27"]
[EventType "swiss"]
[EventRounds "9"]
[EventCountry "LIE"]
[SourceTitle "EXT 2012"]
[Source "ChessBase"]
[SourceDate "2011.11.24"]
[SourceVersion "1"]
[SourceVersionDate "2011.11.24"]
[SourceQuality "1"]

1. d4 Nf6 2. Nf3 b6 3. Bf4 e6 4. e3 Bb7 5. Bd3 d5 6. 0-0 Be7 7. c4 Nbd7 8. Nc3 Nh5 9. cxd5 Nxf4 10. exf4 exd5 11. Re1 0-0 12. Rc1 Bd6 13. Bxh7+ Kxh7 14. Ng5+ Kg8 15. Qh5 Nf6 16. Qh4 c6 17. Re3 Bc8 18. Rce1 Bf5 1/2-1/2

[Event "Liechtenstein Seniors op 08th"]
[Site "Triesen"]
[Date "2008.05.02"]
[Round "8"]
[White "Haertl, Siegfried"]
[Black "Kock, Hans Uwe"]
[Result "1-0"]
[WhiteElo "1989"]
[BlackElo "2149"]
[PlyCount "29"]
[EventDate "2008.04.25"]
[EventType "swiss"]
[EventRounds "9"]
[EventCountry "LIE"]
[SourceTitle "CBM 124 Extra"]
[Source "ChessBase"]
[SourceDate "2008.07.03"]
[SourceVersion "1"]
[SourceVersionDate "2008.07.03"]
[SourceQuality "1"]

1. d4 Nf6 2. Nf3 g6 3. c4 d6 4. Nc3 Bg7 5. e4 0-0 6. Be2 c6 7. 0-0 e5 8. dxe5 dxe5 9. Bg5 Qc7 10. Qc2 a5 11. a3 Na6 12. Rfd1 Be6 13. Rd2 Rfd8 14. Rad1 h6 15. Rxd8+ 1-0

[Event "AUT-chT2W 0708"]
[Site "Austria"]
[Date "2007.11.18"]
[Round "5.6"]
[White "Sandholzer, Robert"]
[Black "Haertl, Siegfried"]
[Result "1/2-1/2"]
[WhiteElo "2108"]
[BlackElo "2040"]
[PlyCount "69"]
[EventDate "2007.10.06"]
[EventType "team"]
[EventRounds "11"]
[EventCountry "AUT"]
[SourceTitle "EXT 2009"]
[Source "ChessBase"]
[SourceDate "2008.11.26"]
[SourceVersion "1"]
[SourceVersionDate "2008.11.26"]
[SourceQuality "1"]
[WhiteTeam "Hohenems II"]
[BlackTeam "Dornbirn"]
[WhiteTeamCountry "AUT"]
[BlackTeamCountry "AUT"]

1. d4 Nf6 2. Nf3 e6 3. c4 d5 4. Nc3 Bb4 5. Qa4+ Nc6 6. Bg5 Bd7 7. Qc2 h6 8. Bxf6 Qxf6 9. e3 0-0 10. a3 Bxc3+ 11. bxc3 Rad8 12. Bd3 Rfe8 13. 0-0 g5 14. Rfe1 g4 15. Nd2 Ne7 16. cxd5 exd5 17. e4 c6 18. Nf1 dxe4 19. Bxe4 Kh8 20. Ng3 Nd5 21. Qb3 Bc8 22. Bxd5 Rxe1+ 23. Rxe1 cxd5 24. Qb5 Qc6 25. Qb4 Re8 26. Re7 Rxe7 27. Qxe7 Qe6 28. Qf8+ Kh7 29. Nf1 Qf5 30. Qe7 Qe6 31. Qxe6 Bxe6 32. Nd2 f5 33. Kf1 Kg6 34. Ke2 Kg5 35. g3 1/2-1/2

[Event "AUT-chT2W 0708"]
[Site "Austria"]
[Date "2007.11.17"]
[Round "4.6"]
[White "Haertl, Siegfried"]
[Black "Mrsic, Robert"]
[Result "0-1"]
[WhiteElo "2040"]
[BlackElo "2117"]
[PlyCount "116"]
[EventDate "2007.10.06"]
[EventType "team"]
[EventRounds "11"]
[EventCountry "AUT"]
[SourceTitle "EXT 2009"]
[Source "ChessBase"]
[SourceDate "2008.11.26"]
[SourceVersion "1"]
[SourceVersionDate "2008.11.26"]
[SourceQuality "1"]
[WhiteTeam "Dornbirn"]
[BlackTeam "Lustenau"]
[WhiteTeamCountry "AUT"]
[BlackTeamCountry "AUT"]

1. d4 Nf6 2. Nf3 e6 3. c4 b6 4. Nc3 Bb7 5. Bg5 h6 6. Bh4 Bb4 7. a3 Bxc3+ 8. bxc3 g5 9. Bg3 Ne4 10. Qc2 d6 11. Nd2 f5 12. f3 Nxd2 13. Qxd2 f4 14. Bf2 Nd7 15. e3 fxe3 16. Qxe3 Qf6 17. Bd3 0-0-0 18. a4 g4 19. fxg4 Bxg2 20. Rg1 Bb7 21. a5 e5 22. a6 Ba8 23. d5 e4 24. Be2 c6 25. Qd2 cxd5 26. cxd5 Rhf8 27. Bg3 Ne5 28. Ra4 Rde8 29. Kd1 Nf3 30. Rc4+ Kd8 31. Bxf3 Qxf3+ 32. Kc1 e3 33. Qd3 Kd7 34. Qh7+ Re7 35. Qxh6 Qxd5 36. Rd4 Re6 37. Rxd5 Rxh6 38. Rd4 Bf3 39. g5 Rg6 40. h4 d5 41. c4 Rc6 42. Re1 e2 43. Kd2 Rxc4 44. Rxc4 dxc4 45. Kc3 b5 46. Be5 Bh5 47. Bd4 Rf1 48. Kd2 b4 49. Rxe2 Bxe2 50. Kxe2 Rh1 51. Bxa7 Rxh4 52. Bc5 Rh2+ 53. Ke3 Ra2 54. a7 Ke6 55. Kd4 b3 56. Kc3 b2 57. Kc2 c3 58. Bd4 Ra1 0-1

[Event "Liechtenstein Seniors op 07th"]
[Site "Triesen"]
[Date "2007.05.19"]
[Round "9"]
[White "Keogh, Eamon"]
[Black "Haertl, Siegfried"]
[Result "1-0"]
[WhiteElo "2074"]
[BlackElo "1941"]
[PlyCount "41"]
[EventDate "2007.05.11"]
[EventType "swiss"]
[EventRounds "9"]
[EventCountry "LIE"]
[SourceTitle "EXT 2010"]
[Source "ChessBase"]
[SourceDate "2010.11.25"]
[SourceVersion "1"]
[SourceVersionDate "2010.11.25"]
[SourceQuality "1"]

1. e4 d6 2. f4 Nf6 3. Nc3 e5 4. Bc4 Be7 5. Nf3 Bg4 6. fxe5 dxe5 7. Bxf7+ Kf8 8. Bb3 c6 9. Qe2 b5 10. 0-0 Nbd7 11. d4 exd4 12. e5 dxc3 13. exf6 Nxf6 14. Be3 Qc7 15. h3 cxb2 16. Rae1 Bxf3 17. Rxf3 Rd8 18. Rxf6+ gxf6 19. Bh6+ Ke8 20. Qh5+ Kd7 21. Be6+ 1-0

[Event "Liechtenstein Seniors op 07th"]
[Site "Triesen"]
[Date "2007.05.17"]
[Round "7"]
[White "Hajenius, Willem"]
[Black "Haertl, Siegfried"]
[Result "0-1"]
[WhiteElo "1993"]
[BlackElo "1941"]
[PlyCount "68"]
[EventDate "2007.05.11"]
[EventType "swiss"]
[EventRounds "9"]
[EventCountry "LIE"]
[SourceTitle "EXT 2010"]
[Source "ChessBase"]
[SourceDate "2010.11.25"]
[SourceVersion "1"]
[SourceVersionDate "2010.11.25"]
[SourceQuality "1"]

1. d4 Nf6 2. c4 e6 3. Nc3 Bb4 4. f3 d5 5. Bg5 h6 6. Bh4 c5 7. e3 cxd4 8. exd4 0-0 9. Bd3 dxc4 10. Bxc4 Qc7 11. Qd3 Nd5 12. Nge2 Nc6 13. Bg3 Qd7 14. 0-0 Nce7 15. Bb5 Qd8 16. Ba4 Nf5 17. Rac1 Ba5 18. a3 Bb6 19. Rfe1 Nxg3 20. hxg3 e5 21. Bc2 Nf6 22. Rcd1 g6 23. Kh2 Bf5 24. Qd2 Bxc2 25. Qxc2 exd4 26. Nb5 Rc8 27. Qd2 Rc5 28. Nbxd4 Rh5+ 29. Kg1 Re8 30. Kf2 Rd5 31. Kf1 Rxe2 32. Kxe2 Rxd4 33. Qxh6 Qe8+ 34. Kf1 Qb5+ 0-1

[Event "Liechtenstein Seniors op 07th"]
[Site "Triesen"]
[Date "2007.05.13"]
[Round "3"]
[White "Thielemann, Joachim"]
[Black "Haertl, Siegfried"]
[Result "1/2-1/2"]
[WhiteElo "1984"]
[BlackElo "1941"]
[PlyCount "99"]
[EventDate "2007.05.11"]
[EventType "swiss"]
[EventRounds "9"]
[EventCountry "LIE"]
[SourceTitle "EXT 2010"]
[Source "ChessBase"]
[SourceDate "2010.11.25"]
[SourceVersion "1"]
[SourceVersionDate "2010.11.25"]
[SourceQuality "1"]

1. e4 d6 2. d4 Nf6 3. Bd3 e5 4. Ne2 c6 5. 0-0 Bg4 6. f3 Bh5 7. c3 Be7 8. Be3 0-0 9. Qc2 Nbd7 10. Nd2 Rc8 11. g4 Bg6 12. Ng3 d5 13. Kh1 dxe4 14. Ndxe4 Nd5 15. Qf2 Bh4 16. Rad1 Qe7 17. dxe5 Bxe4 18. Bxe4 Bxg3 19. hxg3 Nxe3 20. Qxe3 Nxe5 21. Kg2 Rfe8 22. Bf5 Ra8 23. Rfe1 g6 24. Bc2 c5 25. Rd5 Nc6 26. Qxe7 Rxe7 27. Rxe7 Nxe7 28. Rd7 Kf8 29. Rxb7 Rd8 30. Be4 f5 31. gxf5 gxf5 32. Bb1 Rd1 33. Bxf5 Nxf5 34. g4 Ne7 35. Kg3 Rd2 36. a4 Ke8 37. a5 Rd7 38. Rb8+ Kf7 39. b4 cxb4 40. cxb4 Nc6 41. Rb5 Rd4 42. Rc5 Nxb4 43. Rc7+ Kg6 44. Rxa7 Rd6 45. Rb7 Nd5 46. f4 h6 47. f5+ Kf6 48. Rb5 Ke5 49. Kh4 Kd4 50. g5 1/2-1/2